000
00222 a2200097 4500
001
58011
100
_a
245
_a
Introduction to Flight
260
_a
New York
_b
Mc Graw Hill International
_c
2005
090
_c
35519
_d
35519
942
_a
NUST-CAE
_c
_c
28357
999
_c
293084
_d
293084